|
|
|
|
| LEADER |
00000nab a2200000 a 4500 |
| 001 |
vtls000929380 |
| 003 |
SK-MaSNL |
| 005 |
20260303033113.0 |
| 008 |
140301e20030000xo 0 slo |
| 035 |
|
|
|a KE38257
|
| 040 |
|
|
|a KEVKJB
|b slo
|c KEVKJB
|e AACR2
|
| 041 |
0 |
|
|a slo
|
| 044 |
|
|
|a xo
|c SK
|
| 080 |
|
|
|a 78.071.1
|2 1981
|
| 100 |
1 |
|
|a Bukovinská, Júlia,
|d 1956-
|4 aut
|9 169562
|
| 245 |
1 |
0 |
|a Edita Marenčinová
|b Chýr z Košíc
|
| 600 |
1 |
7 |
|a Marenčinová, Edita,
|d 1943-
|2 KEVKJB
|
| 651 |
|
7 |
|a Košice (Slovensko)
|2 KEVKJB
|9 18694
|
| 655 |
|
7 |
|a profily
|2 snkbucl
|9 341977
|
| 773 |
0 |
8 |
|t Hudobný život
|g Roč. 35, č.2 (2003), s. 3
|
| 852 |
|
|
|a ZVYKNI
|b KIS3GCP
|
| 999 |
|
|
|c 1668639
|d 1670569
|